000 00691nam a2200205Ii 4500
003 JO-AjNU
008 230605s9999||||xx |||||||||||||| ||und||
040 _aJO-AjNU
_bara
_erda
_cJO-AjNU
041 _aara
050 1 4 _aK2400.K43.2009
100 3 _a الخالدي ، إيناس ,
_eauthor
_932271
245 0 0 _aالتحكيم الإلكتروني
250 _a(د،ط)
264 3 1 _aالقاهرة : دار النهضة العربية ، 2009
300 _a539ص
336 _atext
_btxt
_2rdacontent
337 _aunmediated
_bn
_2rdamedia
338 _avolume
_bnc
_2rdacarrier
650 4 _aالتحكيم الالكتروني -- قوانيين وتشريعات -- مصر
_932272
999 _aA13007
_c16575
_d16575